A Hellenistic anthology /

Bibliographic Details
Other Authors: Hopkinson, N. (Neil)
Format: Book
Language:English
Greek, Modern (1453-)
Published: Cambridge [Cambridgeshire] ; New York : Cambridge University Press, 1988.
Series:Cambridge Greek and Latin classics.
Subjects:

MARC

Tag First Indicator Second Indicator Subfields
LEADER 00000cam a22000008a 4500
001 in00000016627
005 20151007052823.0
008 870224s1988 enkb b 00100 eng
010 |a  87006359  
020 |a 0521306965 
020 |a 0521314259 (pbk.)  
035 |a (OCoLC)15318098 
035 |9 AAA9320AM 
040 |a DLC  |c DLC  |d m/c  |d TXA  |d UtOrBLW 
041 0 |a eng  |a gre 
049 |a TXAM  |c [A11080947] 
050 0 0 |a PA3423.Z5  |b H45 1987 
050 4 |a PA3423.Z5  |b H45 1988 
082 0 |a 880/.01/09  |2 19 
245 0 2 |a A Hellenistic anthology /  |c selected and edited by Neil Hopkinson. 
263 |a 8712 
264 1 |a Cambridge [Cambridgeshire] ;  |a New York :  |b Cambridge University Press,  |c 1988. 
300 |a xiv, 288 pages :  |b maps. 
336 |a text  |b txt  |2 rdacontent 
337 |a unmediated  |b n  |2 rdamedia 
338 |a volume  |b nc  |2 rdacarrier 
490 1 |a Cambridge Greek and Latin classics 
504 |a Includes bibliographical references and indexes. 
650 0 |a Greek literature, Hellenistic. 
700 1 |a Hopkinson, N.  |q (Neil) 
830 0 |a Cambridge Greek and Latin classics. 
999 |a MARS 
999 f f |s 81bcae7f-a0da-3cf8-8ac7-fc5e58e161c5  |i 79686420-52c5-3b11-b6f8-895ad2b56185  |t 0 
952 f f |p ric  |a Texas A&M University  |b Rellis Campus  |c Joint Library Facility  |s JLF  |d Remote Storage  |t 0  |e PA3423.Z5 H45 1988  |h Library of Congress classification  |i unmediated -- volume  |m A14811080947 
998 f f |a PA3423.Z5 H45 1988  |t 0  |l Remote Storage